00567nam a2200181Ia 450000500170000000800410001702000220005804000190008004100120009908200150011110000170012624501390014326000280028230000170031065000260032770000220035385000100037520230429161752.0131103s9999 xx 000 0 und d a230014208cRs 195 aLoreto College aEnglish a650.1bKOT aKotter, John aOur iceberg is meltingb Changing and succeeding under any conditions cJohn Kotter and Holger Rathgeber with artwork by Peter Mueller aLondonbMacmillanc2006 ax,147pb ill aOrganizational Change aRathgeber, Holger aLCLIB